| 000 | 00375nam a2200145Ia 4500 | ||
|---|---|---|---|
| 008 | 230917s9999||||xx |||||||||||||| ||und|| | ||
| 040 |
_e42907 _aMAIN |
||
| 041 | _aEnglish | ||
| 082 | _a811.4 F292P | ||
| 100 | _aLathen, Edward Connery, ed. | ||
| 245 | 0 | _aRobert Frost: Poetry and prose | |
| 260 |
_aNew York _bHolt, Rinehart _c1972 |
||
| 300 | _axiv, 480 p. | ||
| 942 | _cBK | ||
| 999 |
_c164079 _d164079 |
||